[Event "International Championship of Central Serbia 2015 - OPEN A"]
[Site "Paracin"]
[Date "2015.07.09"]
[Round "8.1"]
[White "Fernandez, Daniel Howard"]
[Black "Damljanovic, Branko"]
[Result "0-1"]
[WhiteElo "2472"]
[BlackElo "2565"]
[PlyCount "86"]
[EventDate "2015.07.03"]

1. d4 Nf6 2. Nf3 g6 3. c4 Bg7 4. Nc3 d6 5. e4 O-O 6. Be2 e5 7. O-O Nc6 8. d5
Ne7 9. b4 a5 10. Ba3 Nd7 11. Qc2 Kh8 12. Nb5 axb4 13. Bxb4 Nc5 14. Nd2 c6 15.
Bxc5 dxc5 16. Nc3 f5 17. Nb3 b6 18. f3 Bh6 19. Rad1 Be3+ 20. Kh1 Bd4 21. f4
cxd5 22. exd5 Bd7 23. Rfe1 Ng8 24. d6 Bc6 25. Nb5 Nf6 26. Bf3 e4 27. N5xd4 cxd4
28. Nxd4 Ba4 29. Qc3 Bxd1 30. Ne6 Qxd6 31. Nxf8 Bxf3 32. Nd7 Kg7 33. Nxf6 Bxg2+
34. Kxg2 Rxa2+ 35. Kg3 Qxf6 36. Qxf6+ Kxf6 37. Rb1 Ra6 38. Rb5 Ke6 39. Re5+ Kd7
40. Kh4 Ra5 41. Kg5 Rxe5 42. fxe5 e3 43. Kf6 e2 0-1

[Event "International Championship of Central Serbia 2015 - OPEN A"]
[Site "Paracin"]
[Date "2015.07.09"]
[Round "8.2"]
[White "Sedlak, Nikola"]
[Black "Kadric, Denis"]
[Result "1-0"]
[WhiteElo "2537"]
[BlackElo "2511"]
[PlyCount "115"]
[EventDate "2015.07.03"]

1. d4 d6 2. e4 g6 3. Nc3 Bg7 4. Be3 Nf6 5. f3 c6 6. Qd2 b5 7. h4 h5 8. Nh3 Bb7
9. Ng5 Nbd7 10. Bd3 a6 11. O-O-O e5 12. dxe5 dxe5 13. Kb1 Qe7 14. Be2 O-O 15.
Qd6 Qxd6 16. Rxd6 Rfd8 17. Rhd1 Bf8 18. R6d2 Be7 19. f4 exf4 20. Bxf4 Nc5 21.
b4 Ne6 22. Nxe6 fxe6 23. Bd6 Bxd6 24. Rxd6 Rxd6 25. Rxd6 Kf7 26. e5 Ke7 27.
exf6+ Kxd6 28. Ne4+ Kc7 29. Nc5 Bc8 30. f7 Bd7 31. Bd3 e5 32. Bxg6 Bg4 33. Ne4
Kd7 34. Ng5 Ke7 35. Nh7 Rh8 36. f8=Q+ Rxf8 37. Nxf8 Kxf8 38. Kc1 Ke7 39. Kd2
Kd6 40. Ke3 Ke7 41. a3 Kd6 42. Be4 Bd7 43. Bf3 Be8 44. g4 hxg4 45. Bxg4 Bg6 46.
c3 Kd5 47. h5 Bh7 48. Bd7 Kc4 49. Bxc6 Kxc3 50. h6 Kb2 51. Be4 Bg8 52. Kd2 Kxa3
53. Kc3 Ka4 54. h7 Bxh7 55. Bxh7 Ka3 56. Bc2 Ka2 57. Be4 Ka3 58. Bb7 1-0

[Event "International Championship of Central Serbia 2015 - OPEN A"]
[Site "Paracin"]
[Date "2015.07.09"]
[Round "8.3"]
[White "Banusz, Tamas"]
[Black "Vavulin, Maksim"]
[Result "1-0"]
[WhiteElo "2582"]
[BlackElo "2445"]
[PlyCount "91"]
[EventDate "2015.07.03"]

1. Nf3 g6 2. c4 Bg7 3. d4 c5 4. e4 Qb6 5. dxc5 Qxc5 6. Be2 d6 7. O-O Nc6 8. a3
Qb6 9. Ra2 Nf6 10. Nc3 O-O 11. b3 Bg4 12. Be3 Qd8 13. h3 Bxf3 14. Bxf3 Ng4 15.
Bxg4 Bxc3 16. Rc2 Bg7 17. Qd2 Qa5 18. Qxa5 Nxa5 19. b4 Nc6 20. Rd1 f5 21. exf5
gxf5 22. Bf3 f4 23. Bd5+ e6 24. Bxc6 bxc6 25. Bc1 d5 26. cxd5 cxd5 27. Rc6 Rae8
28. Rc7 Rf7 29. Rxf7 Kxf7 30. Bxf4 Rc8 31. Rc1 Rc4 32. Rxc4 dxc4 33. Bc1 Ke7
34. Kf1 Kd6 35. Ke2 Kc6 36. Kd1 Kb5 37. Kc2 Ka4 38. g4 Bf6 39. g5 Bd4 40. Be3
e5 41. h4 Kxa3 42. h5 Ba1 43. Bd2 Bd4 44. g6 hxg6 45. hxg6 e4 46. Bc3 1-0

[Event "International Championship of Central Serbia 2015 - OPEN A"]
[Site "Paracin"]
[Date "2015.07.09"]
[Round "8.4"]
[White "Atalik, Suat"]
[Black "Filev, Georgi"]
[Result "1/2-1/2"]
[WhiteElo "2564"]
[BlackElo "2344"]
[PlyCount "91"]
[EventDate "2015.07.03"]

1. Nf3 f5 2. d3 d6 3. e4 e5 4. Nc3 c5 5. g3 Nc6 6. Nh4 Nd4 7. Nxf5 Nxf5 8. exf5
Bxf5 9. Bg2 Qd7 10. O-O Nf6 11. f4 exf4 12. Bxf4 Bg4 13. Qe1+ Be7 14. Nd5 Nxd5
15. Bxd5 O-O-O 16. Qa5 Kb8 17. b4 b6 18. Qa3 cxb4 19. Qxb4 Be6 20. Bxe6 Qxe6
21. Rae1 Qd7 22. a4 Bf6 23. a5 Qc6 24. Re6 Kc7 25. Rb1 Rhe8 26. axb6+ axb6 27.
Re4 Rxe4 28. dxe4 Qc5+ 29. Qxc5+ bxc5 30. Kf2 Ra8 31. Rd1 Bd4+ 32. Kf3 Ra2 33.
Rd2 Kd7 34. Ke2 Ke6 35. c3 Rxd2+ 36. Bxd2 Bf6 37. c4 h5 38. h3 g6 39. Bf4 g5
40. Be3 g4 41. hxg4 hxg4 42. Bf4 Bd4 43. Kd3 Bf2 44. Ke2 Bd4 45. Kd3 Bf2 46.
Ke2 1/2-1/2

[Event "International Championship of Central Serbia 2015 - OPEN A"]
[Site "Paracin"]
[Date "2015.07.09"]
[Round "8.5"]
[White "Djukic, Nikola"]
[Black "Abramovic, Bosko"]
[Result "1/2-1/2"]
[WhiteElo "2543"]
[BlackElo "2431"]
[PlyCount "131"]
[EventDate "2015.07.03"]

1. e4 e5 2. Nf3 Nc6 3. Bb5 a6 4. Ba4 d6 5. O-O Nf6 6. Bxc6+ bxc6 7. d4 Be7 8.
Re1 exd4 9. Nxd4 Bd7 10. Nc3 O-O 11. Bf4 Rb8 12. Rb1 c5 13. Nf3 Bc6 14. h3 Nd7
15. Nd5 Re8 16. Qd3 a5 17. Nd2 Bxd5 18. exd5 Nb6 19. Re3 Bf6 20. Ne4 c4 21. Qd2
Be5 22. Rg3 Kh8 23. Rf3 Qd7 24. Be3 f6 25. Qxa5 Ra8 26. Qd2 Rxa2 27. Nc3 Raa8
28. Bd4 Bxd4 29. Qxd4 Re5 30. Re3 Rae8 31. Rbe1 Kg8 32. f4 Rxe3 33. Rxe3 f5 34.
Nd1 g6 35. Rxe8+ Qxe8 36. Ne3 Qf7 37. Kf2 Kf8 38. Ke2 Ke7 39. Kd2 Kd7 40. g4 c5
41. dxc6+ Kxc6 42. g5 Qe6 43. h4 d5 44. b4 cxb3 45. cxb3 Qe4 46. Kc3 Qb1 47.
Kb4 Qe4 48. Kc3 Qb1 49. Nc2 Qc1 50. Qf6+ Kc7 51. Qg7+ Nd7 52. Qd4 Kd6 53. Qe3
Qxe3+ 54. Nxe3 Nc5 55. h5 Ne6 56. hxg6 hxg6 57. Ng2 Kc5 58. Kc2 Kb4 59. Kb2 d4
60. Kc2 Ka3 61. Kd3 Kxb3 62. Nh4 Nxf4+ 63. Kxd4 Ne6+ 64. Ke5 Nxg5 65. Nxg6 Nf7+
66. Kxf5 1/2-1/2

[Event "International Championship of Central Serbia 2015 - OPEN A"]
[Site "Paracin"]
[Date "2015.07.09"]
[Round "8.6"]
[White "Nestorovic, Dejan"]
[Black "Savic, Miodrag R"]
[Result "0-1"]
[WhiteElo "2408"]
[BlackElo "2505"]
[PlyCount "62"]
[EventDate "2015.07.03"]

1. d4 Nf6 2. c4 e6 3. Nc3 d5 4. cxd5 exd5 5. Bg5 c6 6. Qc2 h6 7. Bh4 Be7 8. e3
O-O 9. Bd3 Re8 10. Nge2 Nbd7 11. f3 b5 12. O-O Nb6 13. Bf2 Bd7 14. h3 Rc8 15.
e4 b4 16. Nb1 dxe4 17. fxe4 c5 18. dxc5 Bxc5 19. Bxc5 Na4 20. Nd2 Nxc5 21. Bc4
Qe7 22. Rf4 Be6 23. e5 Nfd7 24. Nf3 Nb6 25. b3 Ncd7 26. Ned4 Bxc4 27. bxc4 Nxe5
28. Nf5 Nxf3+ 29. gxf3 Qe5 30. Nxh6+ gxh6 31. Rg4+ Kh8 0-1

[Event "International Championship of Central Serbia 2015 - OPEN A"]
[Site "Paracin"]
[Date "2015.07.09"]
[Round "8.7"]
[White "Petrov, Vladimir Sergeev"]
[Black "Kosic, Dragan"]
[Result "0-1"]
[WhiteElo "2307"]
[BlackElo "2487"]
[PlyCount "112"]
[EventDate "2015.07.03"]

1. e4 e6 2. d4 d5 3. Nd2 c5 4. exd5 Qxd5 5. Ngf3 cxd4 6. Bc4 Qd6 7. O-O Nf6 8.
Nb3 Nc6 9. Nbxd4 Nxd4 10. Nxd4 Be7 11. Bg5 O-O 12. Bd3 Rd8 13. Nf3 b6 14. Qe2
Bb7 15. Rad1 Qc6 16. Rfe1 h6 17. Bh4 Qa4 18. c4 Bxf3 19. gxf3 Qxa2 20. Kh1 Qa5
21. f4 Rd4 22. Rg1 Rxf4 23. Bg3 Rg4 24. Be5 Rd8 25. f4 Rxg1+ 26. Rxg1 Kf8 27.
b4 Qxb4 28. Bb1 Qd2 29. Qf3 Bc5 30. Bc3 Qe3 31. Qxe3 Bxe3 32. Rf1 Ke7 33. f5
Bd4 34. Bb4+ Bc5 35. Bc3 a5 36. fxe6 fxe6 37. Bc2 Bd4 38. Be1 Ng4 39. Bg6 Nf6
40. Kg2 a4 41. Bb4+ Bc5 42. Bc3 a3 43. Ra1 Rc8 44. Kf3 Bd6 45. Bd3 e5 46. Re1
Nd7 47. Rg1 g5 48. Be2 b5 49. Kg4 b4 50. Bd2 b3 51. Kh5 Nf6+ 52. Kxh6 Rh8+ 53.
Kg6 Rxh2 54. Re1 b2 55. Bxg5 Rxe2 56. Bxf6+ Ke6 0-1

[Event "International Championship of Central Serbia 2015 - OPEN A"]
[Site "Paracin"]
[Date "2015.07.09"]
[Round "8.8"]
[White "Narayanan, Srinath"]
[Black "Cvetkovic, Srdjan"]
[Result "1/2-1/2"]
[WhiteElo "2464"]
[BlackElo "2301"]
[PlyCount "112"]
[EventDate "2015.07.03"]

1. e4 c5 2. Nf3 e6 3. d4 cxd4 4. Nxd4 Nc6 5. Nc3 a6 6. Bf4 Qf6 7. Be3 Bb4 8.
Be2 Nge7 9. O-O Nxd4 10. Bxd4 e5 11. Be3 Bxc3 12. bxc3 Qc6 13. c4 Qxe4 14. Bc5
Qc6 15. Ba3 Qe6 16. Bg4 f5 17. Bh5+ g6 18. Bf3 Qxc4 19. Re1 e4 20. Qd6 Qe6 21.
Qd4 O-O 22. Bb2 Kf7 23. Be2 b5 24. a4 bxa4 25. Rxa4 Bb7 26. Qg7+ Ke8 27. Qxh7
Rc8 28. Ba3 Qf7 29. Qh4 Qf6 30. Qf4 Rxc2 31. Qb8+ Kf7 32. Qxb7 Rxe2 33. Rd1 Qc3
34. Bb4 Qc6 35. Qxd7 Qxd7 36. Rxd7 Re8 37. g4 e3 38. fxe3 Rxe3 39. gxf5 gxf5
40. Rxa6 Rb8 41. Bc5 Re2 42. Kf1 Re5 43. Ba3 Rb1+ 44. Kf2 Rbe1 45. Bc5 R5e2+
46. Kg3 Re5 47. Bf2 R1e4 48. h4 Rd5 49. Rb7 Rd3+ 50. Kg2 Rd2 51. Rh6 Ree2 52.
Rh7+ Kg6 53. Rbxe7 Rxf2+ 54. Kg1 Rg2+ 55. Kf1 Rdf2+ 56. Ke1 Re2+ 1/2-1/2

[Event "International Championship of Central Serbia 2015 - OPEN A"]
[Site "Paracin"]
[Date "2015.07.09"]
[Round "8.9"]
[White "Tselkovskiy, Kirill"]
[Black "Kozhuharov, Spas"]
[Result "1/2-1/2"]
[WhiteElo "2137"]
[BlackElo "2460"]
[PlyCount "39"]
[EventDate "2015.07.03"]

1. e4 c5 2. Nf3 d6 3. d4 Nf6 4. Bb5+ Nbd7 5. Nc3 cxd4 6. Qxd4 e5 7. Qd3 Be7 8.
Bg5 O-O 9. Bxd7 Qxd7 10. O-O-O Ne8 11. Bxe7 Qxe7 12. Nb5 Qf6 13. Nxd6 Nxd6 14.
Qxd6 Qf4+ 15. Kb1 Qxe4 16. Rhe1 Qa4 17. Qxe5 Be6 18. a3 Rac8 19. Nd4 Rfe8 20.
Nxe6 1/2-1/2

[Event "International Championship of Central Serbia 2015 - OPEN A"]
[Site "Paracin"]
[Date "2015.07.09"]
[Round "8.10"]
[White "Zajic, Milan"]
[Black "Marholev, Dimitar"]
[Result "0-1"]
[WhiteElo "2489"]
[BlackElo "2317"]
[PlyCount "83"]
[EventDate "2015.07.03"]

1. e4 e5 2. Nf3 Nc6 3. Bb5 a6 4. Ba4 g6 5. d4 exd4 6. Bg5 Be7 7. Bxe7 Qxe7 8.
Bxc6 dxc6 9. Qxd4 Nf6 10. Nc3 Bg4 11. Nd2 c5 12. Qe3 O-O-O 13. h3 Be6 14. O-O-O
Kb8 15. g4 Nd7 16. f4 f6 17. Rhe1 g5 18. Nf3 gxf4 19. Qxf4 h5 20. e5 fxe5 21.
Nxe5 Qf8 22. Ng6 Qxf4+ 23. Nxf4 Bc4 24. Nxh5 Kc8 25. Nd5 Bxd5 26. Rxd5 Rdf8 27.
Re7 Nb6 28. Rxc5 Rf1+ 29. Kd2 Rd8+ 30. Ke2 Rdd1 31. Re3 Na4 32. Rf5 Rde1+ 33.
Kd3 Nxb2+ 34. Ke4 Nc4 35. Rxe1 Rxe1+ 36. Kd4 b5 37. g5 Rd1+ 38. Kc5 Nd6 39.
Rf8+ Kb7 40. g6 Ne4+ 41. Kb4 Rb1+ 42. Ka5 0-1

[Event "International Championship of Central Serbia 2015 - OPEN A"]
[Site "Paracin"]
[Date "2015.07.09"]
[Round "8.11"]
[White "Lajthajm, Borko"]
[Black "Carnic, Srdjan"]
[Result "1-0"]
[WhiteElo "2443"]
[BlackElo "2317"]
[PlyCount "119"]
[EventDate "2015.07.03"]

1. d4 e6 2. c4 Nf6 3. Nf3 b6 4. g3 Ba6 5. Qc2 Bb4+ 6. Nbd2 Bxd2+ 7. Bxd2 O-O 8.
b4 Bb7 9. Bg2 Be4 10. Qb3 d6 11. O-O Nbd7 12. Rfd1 Qe7 13. Bf1 h6 14. Nh4 c5
15. f3 Bh7 16. dxc5 dxc5 17. b5 Rfd8 18. Ng2 a5 19. e4 Ne5 20. Be2 Nfd7 21. f4
Ng6 22. Bf3 Rac8 23. Qe3 e5 24. f5 Ngf8 25. g4 Nf6 26. h4 Rd6 27. g5 hxg5 28.
hxg5 Ne8 29. Bc3 Rd4 30. Bxd4 cxd4 31. Qd2 Nd6 32. Rac1 Nd7 33. Ne1 Kf8 34. Nd3
Nc5 35. f6 gxf6 36. Qh2 Kg8 37. gxf6 Qxf6 38. Qg3+ Bg6 39. Nxe5 Ndxe4 40. Qg4
Re8 41. Nxg6 fxg6 42. Rf1 d3 43. Bxe4 Qd4+ 44. Rf2 Qxe4 45. Qg5 Rf8 46. Rxf8+
Kxf8 47. Rf1+ Ke8 48. Qf4 Qxf4 49. Rxf4 Ne6 50. Rf3 Nc5 51. Kf2 Ke7 52. Ke3 Nd7
53. Kd4 Nc5 54. Rf2 Ke6 55. Rh2 g5 56. Rh6+ Ke7 57. Ke3 g4 58. Rg6 g3 59. Rxg3
d2 60. Rg1 1-0

[Event "International Championship of Central Serbia 2015 - OPEN A"]
[Site "Paracin"]
[Date "2015.07.09"]
[Round "8.12"]
[White "Mohammad, Nubairshah Shaikh"]
[Black "Strugnell, Carl"]
[Result "1/2-1/2"]
[WhiteElo "2423"]
[BlackElo "2275"]
[PlyCount "86"]
[EventDate "2015.07.03"]

1. d4 Nf6 2. c4 e6 3. Nc3 Bb4 4. Qc2 O-O 5. e4 d5 6. e5 Ne4 7. Bd3 c5 8. cxd5
exd5 9. Nge2 Nc6 10. O-O cxd4 11. Nxd5 Qxd5 12. Bxe4 Qxe5 13. Bxh7+ Kh8 14. Bf4
Qf6 15. Be4 Re8 16. Rfd1 Ba5 17. Bg3 Nb4 18. Qb1 Bg4 19. f3 Bb6 20. Bf2 d3 21.
Bxd3 Rad8 22. Bxb6 Qxb6+ 23. Kh1 Nxd3 24. Rxd3 Rxd3 25. Qxd3 Qxb2 26. Qd4 Rxe2
27. Qxb2 Rxb2 28. fxg4 b5 29. a3 a5 30. h4 Rb3 31. Kh2 Kh7 32. Rf1 Rxa3 33.
Rxf7 Rc3 34. Rf5 Rb3 35. g5 Kg6 36. g4 Kh7 37. h5 g6 38. Rf6 Rb4 39. Kg3 a4 40.
Ra6 Rc4 41. Ra7+ Kg8 42. hxg6 Rc6 43. Kf4 Rc4+ 1/2-1/2

[Event "International Championship of Central Serbia 2015 - OPEN A"]
[Site "Paracin"]
[Date "2015.07.09"]
[Round "8.13"]
[White "Marjanovics, Annamaria"]
[Black "Radovanovic, Nikola"]
[Result "0-1"]
[WhiteElo "2277"]
[BlackElo "2420"]
[PlyCount "90"]
[EventDate "2015.07.03"]

1. e4 c5 2. Nf3 e6 3. d4 cxd4 4. Nxd4 Nf6 5. Nc3 d6 6. g4 h6 7. h4 Nc6 8. Rg1
h5 9. gxh5 Nxh5 10. Bg5 Nf6 11. Rg3 a6 12. Nxc6 bxc6 13. Qf3 Bd7 14. O-O-O Be7
15. Qe3 Qa5 16. Rg1 Rb8 17. f4 Qb4 18. b3 d5 19. Bxf6 Bxf6 20. e5 Bxh4 21. Rxg7
Be7 22. Nb1 a5 23. Rg3 a4 24. Rf3 axb3 25. axb3 c5 26. Qc3 Qb6 27. Qa1 Bc6 28.
Be2 Rh2 29. Qa6 Qc7 30. Rg3 c4 31. Rg8+ Bf8 32. Qa3 Qe7 33. Bxc4 Qxa3+ 34. Nxa3
dxc4 35. Nxc4 Ke7 36. Nd6 Ra8 37. Kb2 Rf2 38. Rd4 Bf3 39. Rc4 Kd7 40. Rd4 Bd5
41. f5 Bxd6 42. fxe6+ fxe6 43. Rxa8 Bxe5 44. Raa4 Kc6 45. Kc3 Bxd4+ 0-1

[Event "International Championship of Central Serbia 2015 - OPEN A"]
[Site "Paracin"]
[Date "2015.07.09"]
[Round "8.14"]
[White "Radlovacki, Jovan"]
[Black "Vujacic, Borivoje"]
[Result "1-0"]
[WhiteElo "2393"]
[BlackElo "2262"]
[PlyCount "79"]
[EventDate "2015.07.03"]

1. e4 c5 2. Nf3 e6 3. c3 Nf6 4. d3 Nc6 5. g3 d6 6. Bg2 Be7 7. O-O O-O 8. Re1
Bd7 9. d4 cxd4 10. cxd4 d5 11. e5 Ne4 12. Nbd2 Nxd2 13. Bxd2 Qb6 14. Bc3 Rac8
15. Qd2 a5 16. h4 a4 17. Bf1 f6 18. exf6 Rxf6 19. Re3 Rcf8 20. Be2 h6 21. Rf1
Bd6 22. Kg2 R6f7 23. Bd3 Rf6 24. Nh2 Bb8 25. Ng4 R6f7 26. f4 Ba7 27. Rfe1 Rc8
28. Bg6 Rff8 29. Bd3 Nxd4 30. Ne5 Qd8 31. Nxd7 Qxd7 32. Bxd4 Bxd4 33. Rxe6 Bf6
34. Qe2 Qc7 35. Qg4 Qf7 36. Bg6 Qd7 37. Bf5 Bxb2 38. Rf6 Rc2+ 39. Kh3 Qc7 40.
Be6+ 1-0

[Event "International Championship of Central Serbia 2015 - OPEN A"]
[Site "Paracin"]
[Date "2015.07.09"]
[Round "8.15"]
[White "Zivkovic, Ivan B"]
[Black "Popovic, Djordje D"]
[Result "1-0"]
[WhiteElo "2347"]
[BlackElo "2219"]
[PlyCount "63"]
[EventDate "2015.07.03"]

1. e4 c5 2. Nf3 d6 3. d4 cxd4 4. Nxd4 Nf6 5. f3 e5 6. Nb3 Be6 7. c4 Nbd7 8. Be3
Rc8 9. N3d2 Be7 10. Be2 O-O 11. O-O Ne8 12. b3 Bg5 13. Bf2 g6 14. Nc3 f5 15.
Kh1 a6 16. Ndb1 Rf7 17. exf5 gxf5 18. Nd5 Bxd5 19. Qxd5 Ndf6 20. Qd1 Nh5 21. g3
Nhg7 22. Nc3 h5 23. Nd5 h4 24. f4 hxg3 25. hxg3 exf4 26. gxf4 Bh4 27. Qe1 Bxf2
28. Rxf2 Nc7 29. Bf3 Qh4+ 30. Rh2 Qxe1+ 31. Rxe1 Re8 32. Rg1 1-0

[Event "International Championship of Central Serbia 2015 - OPEN A"]
[Site "Paracin"]
[Date "2015.07.09"]
[Round "8.16"]
[White "Somborski, Nebojsa"]
[Black "Radovanovic, Mihajlo"]
[Result "1-0"]
[WhiteElo "2325"]
[BlackElo "2245"]
[PlyCount "83"]
[EventDate "2015.07.03"]

1. e4 d6 2. d4 Nf6 3. Nc3 e5 4. Nf3 Nbd7 5. Bc4 Be7 6. O-O O-O 7. a4 c6 8. Re1
exd4 9. Nxd4 Ne5 10. Bf1 Re8 11. h3 Bf8 12. b3 Qa5 13. Qd2 a6 14. Kh1 Bd7 15.
Rb1 Qb4 16. Ra1 c5 17. Nf5 d5 18. Ng3 d4 19. Nd1 Qb6 20. f4 Ng6 21. Bc4 Qc6 22.
Nf2 b5 23. Bf1 Qc7 24. e5 Nd5 25. Nh5 Bc6 26. Ng4 Rad8 27. axb5 axb5 28. Qf2
Be7 29. Kh2 f5 30. exf6 Nxf6 31. Ngxf6+ Bxf6 32. Nxf6+ gxf6 33. Bd2 Qd7 34. Qg3
Rxe1 35. Rxe1 Kf7 36. Be2 Rg8 37. Qg4 Qxg4 38. Bxg4 f5 39. Bxf5 Nxf4 40. g3 Kf6
41. g4 Kg5 42. Kg3 1-0

[Event "International Championship of Central Serbia 2015 - OPEN A"]
[Site "Paracin, hotel Petrus"]
[Date "2015.07.09"]
[Round "8.17"]
[White "Nestorovic, Nikola"]
[Black "Fernandez, Michael"]
[Result "1-0"]
[WhiteElo "2452"]
[BlackElo "2249"]
[Annotator "Natasa"]
[PlyCount "87"]
[EventDate "2015.07.03"]

1. e4 c6 2. d4 d5 3. e5 Bf5 4. h4 h6 5. g4 Bh7 6. e6 fxe6 7. Bd3 g6 8. Nf3 Nd7
9. Qe2 c5 10. dxc5 Kf7 11. g5 h5 12. Bf4 Nxc5 13. Be5 Nf6 14. gxf6 exf6 15.
Ng5+ Kg8 16. Nxh7 Nxd3+ 17. Qxd3 Kxh7 18. Bg3 Qb6 19. Nd2 Be7 20. O-O-O Rac8
21. Rhe1 Bb4 22. Qb3 Rc6 23. Kb1 Rhc8 24. a3 Bc5 25. Qxb6 Bxb6 26. c4 dxc4 27.
Ne4 e5 28. f4 exf4 29. Rd7+ Kg8 30. Bxf4 Re6 31. Bh6 Bc5 32. Red1 Be7 33. Nc3
Bf8 34. Bxf8 Rxf8 35. Rg1 f5 36. Rxb7 Rf7 37. Rb8+ Kg7 38. Rc8 f4 39. Rf1 f3
40. Rxc4 f2 41. Ne4 Rf4 42. Rc7+ Kf8 43. Nxf2 Rd6 44. Rd1 {unreadable} 1-0

[Event "International Championship of Central Serbia 2015 - OPEN A"]
[Site "Paracin, hotel Petrus"]
[Date "2015.07.09"]
[Round "8.18"]
[White "Todorovic, Nenad I"]
[Black "Ratkovic, Milovan"]
[Result "1-0"]
[WhiteElo "2252"]
[BlackElo "2385"]
[PlyCount "59"]
[EventDate "2015.07.03"]

1. e4 c6 2. d4 d5 3. e5 Bf5 4. h4 Qb6 5. c4 dxc4 6. Nc3 Na6 7. Bxc4 Nb4 8. g4
Nc2+ 9. Kf1 Qb4 10. Bd2 Nxa1 11. gxf5 O-O-O 12. Nf3 g6 13. fxg6 hxg6 14. Kg2 c5
15. Be3 cxd4 16. Nb5 d3 17. Bxd3 Qg4+ 18. Kh2 Kb8 19. Bxa7+ Ka8 20. Bd4 Rxd4
21. Nbxd4 Qd7 22. Bb5 Qc8 23. Qa4+ Kb8 24. Qc4 Qd8 25. Rd1 Qb6 26. Bd7 Qd8 27.
Qb5 Ka7 28. Nc6+ bxc6 29. Bxc6 Qc7 30. Rd8 1-0

[Event "International Championship of Central Serbia 2015 - OPEN A"]
[Site "Paracin, hotel Petrus"]
[Date "2015.07.09"]
[Round "8.19"]
[White "Ratkovic, Miloje"]
[Black "Gajic, Mladen"]
[Result "1-0"]
[WhiteElo "2341"]
[BlackElo "2227"]
[PlyCount "49"]
[EventDate "2015.07.03"]

1. d4 a6 2. Bf4 b5 3. e3 Bb7 4. Nf3 e6 5. Nbd2 f5 6. c4 b4 7. Qc2 Nf6 8. Bd3
Be7 9. h3 O-O 10. g4 g6 11. gxf5 exf5 12. Bh6 Kh8 13. Bxf8 Qxf8 14. O-O-O a5
15. Rhe1 a4 16. Kb1 Nc6 17. Qc1 Na5 18. d5 c6 19. dxc6 Bxc6 20. Nd4 Bg2 21. f3
Qh6 22. Rg1 Qxh3 23. Rde1 f4 24. Ne4 Bxf3 25. Ng5 1-0

[Event "International Championship of Central Serbia 2015 - OPEN A"]
[Site "Paracin, hotel Petrus"]
[Date "2015.07.09"]
[Round "8.20"]
[White "Jovanovic, Sasa T"]
[Black "Pantelic, Sasa"]
[Result "1/2-1/2"]
[WhiteElo "2211"]
[BlackElo "2324"]
[PlyCount "83"]
[EventDate "2015.07.03"]

1. d4 Nf6 2. c4 g6 3. Nc3 Bg7 4. e4 d6 5. Be2 O-O 6. Nf3 Bg4 7. Be3 c5 8. d5 a6
9. a4 Nfd7 10. O-O Qb6 11. Qc2 Bxf3 12. Bxf3 Bd4 13. a5 Qc7 14. Qd2 Bxe3 15.
Qxe3 Nf6 16. Be2 e5 17. Ra3 Nbd7 18. Rfa1 Kg7 19. Bd1 Ng8 20. Ba4 Ne7 21. Bxd7
Qxd7 22. f4 exf4 23. Qxf4 f6 24. Na4 Rae8 25. Nb6 Qc7 26. Rf1 Nc8 27. Nxc8 Rxc8
28. Rb3 Rce8 29. Rb6 Re5 30. Qg3 Qe7 31. b3 Rd8 32. Rf4 Rd7 33. Qf3 g5 34. Rf5
Rxe4 35. Rxf6 Qe5 36. h3 Re3 37. Re6 Qa1+ 38. Qf1 Qd4 39. Qf2 Qa1+ 40. Kh2 Rxe6
41. dxe6 Qe5+ 42. Qg3 1/2-1/2

[Event "International Championship of Central Serbia 2015 - OPEN A"]
[Site "Paracin, hotel Petrus"]
[Date "2015.07.09"]
[Round "8.21"]
[White "Brankovic, Dejan"]
[Black "Akman, Ozgur"]
[Result "1-0"]
[WhiteElo "2322"]
[BlackElo "1964"]
[PlyCount "115"]
[EventDate "2015.07.03"]

1. e4 e5 2. Nf3 Nc6 3. Bb5 a6 4. Ba4 Nf6 5. d3 b5 6. Bb3 Bc5 7. O-O d6 8. c3 h6
9. a4 Rb8 10. d4 Bb6 11. axb5 axb5 12. Na3 O-O 13. Nxb5 Bg4 14. Re1 exd4 15.
Nbxd4 Nxd4 16. cxd4 Bxd4 17. Bxf7+ Rxf7 18. Qxd4 Bxf3 19. gxf3 Qd7 20. Ra3 Nh5
21. Rd3 Qe6 22. Qd5 Qxd5 23. Rxd5 Nf4 24. Rd2 Rb5 25. Rc2 Nd3 26. Rd1 Nxc1 27.
Rdxc1 Rxf3 28. Rxc7 Rxb2 29. R1c2 Rxc2 30. Rxc2 Rf4 31. Rc4 Kf7 32. Kg2 Ke6 33.
f3 Rf7 34. Kg3 Rb7 35. Rc8 Rd7 36. Kf4 d5 37. Rc6+ Kf7 38. e5 Rb7 39. Kf5 Rb2
40. Rc7+ Kg8 41. e6 Re2 42. Rd7 Re3 43. f4 Re2 44. Rxd5 Kf8 45. h4 Rg2 46. Ke5
Ke7 47. Rd7+ Ke8 48. Rb7 Re2+ 49. Kf5 Rg2 50. Rb4 Ke7 51. Re4 Rg1 52. Ke5 g6
53. h5 gxh5 54. f5 Rg5 55. Ra4 Rg1 56. f6+ Kd8 57. e7+ Kd7 58. Rc4 1-0

[Event "International Championship of Central Serbia 2015 - OPEN A"]
[Site "Paracin, hotel Petrus"]
[Date "2015.07.09"]
[Round "8.22"]
[White "Budimir, Boris"]
[Black "Petrov, Martin"]
[Result "1/2-1/2"]
[WhiteElo "2236"]
[BlackElo "2276"]
[PlyCount "62"]
[EventDate "2015.07.03"]

1. e4 c5 2. Nf3 d6 3. c3 Nf6 4. h3 Nc6 5. Bd3 d5 6. exd5 Qxd5 7. Qe2 Bf5 8.
Bxf5 Qxf5 9. d4 cxd4 10. Nxd4 Nxd4 11. cxd4 Qe4 12. Qxe4 Nxe4 13. Nc3 Nxc3 14.
bxc3 Rc8 15. Kd2 Rc4 16. a4 Kd7 17. Kd3 Rc6 18. Be3 e6 19. Rhb1 Kc8 20. Rb5 a6
21. Rb3 Bd6 22. Rab1 Rc7 23. Rb6 Rd8 24. Rxd6 Rxd6 25. Bf4 Rd5 26. Bxc7 Kxc7
27. c4 Ra5 28. Rb4 b6 29. Ke4 Kc6 30. f4 h6 31. g4 g6 1/2-1/2

[Event "International Championship of Central Serbia 2015 - OPEN A"]
[Site "Paracin, hotel Petrus"]
[Date "2015.07.09"]
[Round "8.23"]
[White "Scripcaru, George-Daniel"]
[Black "Kinsiz, Onur"]
[Result "1-0"]
[WhiteElo "2115"]
[BlackElo "2253"]
[PlyCount "80"]
[EventDate "2015.07.03"]

1. d4 Nf6 2. Bf4 e6 3. e3 b6 4. Nf3 Bb7 5. Nbd2 Be7 6. Bd3 c5 7. c3 cxd4 8.
exd4 d6 9. Qe2 a6 10. h3 Nbd7 11. Bh2 O-O 12. O-O Re8 13. Rfe1 Bf8 14. Rad1 Qc7
15. c4 g6 16. Qf1 Qc6 17. b3 Rad8 18. Bb1 Qc8 19. Ng5 d5 20. Ndf3 Qa8 21. Ne5
dxc4 22. bxc4 Bg7 23. f4 Nb8 24. Qf2 Nc6 25. Ngf3 Ne7 26. Ng5 Rf8 27. Qe2 Qc8
28. Bg3 Nf5 29. Bf2 h6 30. Ngf3 Nd6 31. Bh4 Nf5 32. Bxf5 exf5 33. d5 b5 34.
cxb5 axb5 35. Bxf6 Bxf6 36. Qxb5 Ba6 37. Qb6 Be7 38. Rc1 Rd6 39. Qa7 Qd8 40.
Nc6 Rxc6 1-0

[Event "International Championship of Central Serbia 2015 - OPEN A"]
[Site "Paracin, hotel Petrus"]
[Date "2015.07.09"]
[Round "8.24"]
[White "Sorgic, Dragan"]
[Black "Smith, Bryan G"]
[Result "0-1"]
[WhiteElo "2234"]
[BlackElo "2479"]
[PlyCount "110"]
[EventDate "2015.07.03"]

1. e4 c5 2. Nf3 d6 3. d4 cxd4 4. Nxd4 Nf6 5. Nc3 a6 6. Be3 e5 7. Nb3 Be6 8. h3
h5 9. Qd2 Nbd7 10. O-O-O b5 11. f4 Qc7 12. Nd5 Bxd5 13. exd5 Rc8 14. Kb1 Ne4
15. Qd3 Ng3 16. Rg1 Be7 17. Rc1 O-O 18. Qd2 Nf6 19. c4 Nxf1 20. Rgxf1 bxc4 21.
Na5 c3 22. Rxc3 Ne4 23. Rxc7 Nxd2+ 24. Bxd2 Rxc7 25. Nc6 Rfc8 26. Rc1 Kf8 27.
a4 Ke8 28. Rc4 exf4 29. Bxf4 Kd7 30. Rb4 Rxc6 31. dxc6+ Rxc6 32. Rb7+ Ke6 33.
Bd2 Bf6 34. b4 Bd4 35. b5 Rc4 36. a5 axb5 37. Rxb5 Bc5 38. Rb2 Kd5 39. Rb7 Ke6
40. Kb2 Ra4 41. Bc3 g5 42. Kb3 Ra3+ 43. Kc4 h4 44. Rb2 Kd7 45. Bb4 Ra4 46. Kb5
Rxb4+ 47. Rxb4 Bxb4 48. Kxb4 f5 49. Kc4 Kc6 50. a6 Kb6 51. Kd5 g4 52. Kd4 Kxa6
53. Ke3 Kb5 54. Kf4 gxh3 55. gxh3 d5 0-1